| 000 | 00561 a2200145 4500 | ||
|---|---|---|---|
| 003 | OSt | ||
| 005 | 20260211122915.0 | ||
| 008 | 260211b |||||||| |||| 00| 0 eng d | ||
| 020 | _a9789348889447 | ||
| 100 |
_aमुळ्ये चि. _9216529 |
||
| 245 | _aअदम्य चैतन्याची महारानी पुण्यश्लोक अहिल्यादेवी होळकर | ||
| 260 |
_bभारतीय विचार साधना प्रकाशन _c2025 _aपुणे |
||
| 300 | _a136pp | ||
| 942 |
_cBK _2ddc |
||
| 999 |
_c370230 _d370230 |
||